Statistics for Airlines Serving Winnipeg (YWG)

Click here to take the quiz!

General Stats

  • This quiz has been taken 58 times
    (27 since last reset)
  • The average score is 5 of 11

Answer Stats

Airline% Correct
Air Canada
100%
WestJet
96%
Delta Air Lines
74%
Flair Airlines
57%
Sunwing Airlines
43%
Bearskin Airlines
39%
Calm Air
35%
Lynx Air
26%
Canadian North
17%
Perimeter Aviation
17%
Wasaya Airlines
4%

Score Distribution

Percentile by Number Answered

Percent of People with Each Score

Your Score History

You have not taken this quiz since the last reset